|
|
|
|
| LEADER |
00000nab a2200000 ar4500 |
| 001 |
vtls008998342 |
| 003 |
SK-MaSNL |
| 005 |
20260303065841.0 |
| 008 |
070613c2007 xo ur|p|||||||000 b|slo |
| 015 |
|
|
|a SNBRB2007/06
|2 snkbucl
|
| 038 |
|
|
|a SNKBUCL
|
| 040 |
|
|
|a SNKBUCL
|b slo
|c SNKBUCL
|e AACR2
|
| 041 |
0 |
|
|a slo
|
| 044 |
|
|
|a xo
|c SK
|
| 080 |
|
|
|a 781.6
|2 2001
|
| 100 |
1 |
|
|a Šujan, Dušan,
|d 1974-
|4 aut
|9 134117
|
| 245 |
1 |
0 |
|a Introspektívnosť a komunikatívnosť
|b (konfrontácia ako hľadanie podstaty vyjadrenia v interpretačnom umení)
|c Dušan Šujan
|
| 500 |
|
|
|a Poznámky
|
| 650 |
0 |
7 |
|a hudobná interpretácia
|x komunikácia
|2 snkbucl
|9 1066463
|
| 773 |
0 |
|
|t Tempo
|g Roč. 4, č. 1 (2007), s. 18-19
|x 1336-5983
|
| 852 |
|
|
|a SNK
|b KIS3GCP
|
| 999 |
|
|
|c 1752984
|d 1754914
|